书目信息 |
| 题名: |
票子!票子!
|
|
| 作者: | 田玉川, 著 | |
| 分册: | ||
| 出版信息: | 北京 中国电影出版社 2002.03 |
|
| 页数: | 308页 | |
| 开本: | 21cm | |
| 丛书名: | 变脸丛书 | |
| 单 册: | ||
| 中图分类: | D669.8 | |
| 科图分类: | ||
| 主题词: | 社会问题--she hui wen ti--研究--中国--现代 | |
| 电子资源: | ||
| ISBN: | 7-106-01881-3 | |
| 000 | 00925nam 2200265 450 | |
| 001 | 012008281807 | |
| 005 | 20080424211306.34 | |
| 010 | @a7-106-01881-3@dCNY18.00 | |
| 100 | @a20080424d2002 km y0chiy0120 ea | |
| 101 | 0 | @achi |
| 102 | @aCN@b110000 | |
| 105 | @aa z 000yy | |
| 106 | @ar | |
| 200 | 1 | @a票子!票子!@Apiao zi!piao zi!@f田玉川著@Ftian yu chuan zhu |
| 210 | @a北京@c中国电影出版社@d2002.03 | |
| 215 | @a308页@c图@d21cm | |
| 225 | 2 | @a变脸丛书@Abian lian cong shu |
| 314 | @a田玉川(1960-),出生于陕西彬县,著有《倾斜的大陆》、《中国菜》、《中国社会病与新千年》等。 | |
| 330 | @a本书通过流行病篇、常见病篇、疑难病篇、遗传病篇和钱的自我辩护书等篇章分析了金钱和当今社会。 | |
| 410 | 0 | @12001 @a变脸丛书 |
| 606 | 0 | @a社会问题@Ashe hui wen ti@x研究@y中国@z现代 |
| 690 | @aD669.8@v4 | |
| 701 | 0 | @a田玉川,@Atian yu chuan,@f1960-@4著 |
| 801 | 0 | @aCN@bQSSK@c20080424 |
| 905 | @b20703433-35@dD669.8@eT680@s3 | |
| 票子!票子!/田玉川著.-北京:中国电影出版社,2002.03 |
| 308页:图;21cm.-(变脸丛书) |
| ISBN 7-106-01881-3:CNY18.00 |
| 本书通过流行病篇、常见病篇、疑难病篇、遗传病篇和钱的自我辩护书等篇章分析了金钱和当今社会。 |
| ● |
| 相关链接 |
|
|
|
正题名:票子!票子!
索取号:D669.8/T680
 
预约/预借
| 序号 | 登录号 | 条形码 | 馆藏地/架位号 | 状态 | 备注 |
| 1 | 703433 | 207034332 | 社科库509/509社科库 76排6列3层/ [索取号:D669.8/T680] | 在馆 | |
| 2 | 703434 | 207034341 | 社科库509/509社科库 76排6列3层/ [索取号:D669.8/T680] | 在馆 | |
| 3 | 703435 | 207034350 | 社科库509/509社科库 76排6列3层/ [索取号:D669.8/T680] | 在馆 |